000 01069nam a2200241Ia 4500
003 Ost
005 20260507074955.0
008 260507s9999||||xx |||||||||||||| ||und||
020 _a2745148826
040 _cfsecg
041 _aara
082 _a332.7
100 _aالبنا، محمد علي محمد احمد
_eمؤلف
245 0 _aالقرض المصرفي :
_bدراسة تاريخية مقارنة بين الشريعة الاسلامية والقانون الوضعي /
_c محمد علي محمد احمد البنا
260 _aبيروت:
_bدار الكتب العلمية,
_c2006
300 _a647 صفحة؛
_c25 سم
504 _aببليوغرافيا:ص.615-639
520 _aالأحكام العامة لعقد القرض في الشريعة الإسلامية والقانون،آثار عقد القرض في الشريعة والقانون،العمليات المصرفية الربوية وبدائلها
653 _aالتشريع
653 _aالقانون
653 _aالقروض المصرفية
942 _cكتاب
999 _c42020
_d42020